000 01095nam a22002897a 4500
003 EG-GICUC
005 20260121101212.0
008 251111s1972 ua ||||fr|||| 00| 0 ara d
040 _a EG-GICUC
_bara
_c EG-GICUC
_d EG-GICUC
_erda
041 _aara
082 0 4 _221
_a343.3192
_bح س . ح
092 0 4 _221
099 _aLaw1 10 343.3192 1972
100 0 _aحسين جميل
_eمؤلف.
245 _aحقوق الإنسان والقانون الجنائى/
_nحسين جميل
264 _aالقاهرة :
_b معهد البحوث والدراسات العربية، قسم البحوث والدراسات القانونية والشرعية ,
_c1972.
300 _a298 صفحة;
_c24 سم
336 _2rda content
_atext
337 _2rda media
_aComputer
338 _2rda carrier
_aOnline Resource
546 _aالنص باللغة العربية
650 1 _aقانون جنائي
650 1 _aحقوق الإنسان في الإجراءات الجنائية
856 4 0 _uhttps://fll.law.cu.edu.eg/fulltext/bks/B10-05502.pdf
905 _a44
942 _2ddc
_cBK
_e21
_n0
999 _c42680
_d42680